<?xml version="1.0" encoding="UTF-8"?><?xml-stylesheet type="text/xsl" href="static/style.xsl"?><OAI-PMH xmlns="http://www.openarchives.org/OAI/2.0/" xmlns:xsi="http://www.w3.org/2001/XMLSchema-instance" xsi:schemaLocation="http://www.openarchives.org/OAI/2.0/ http://www.openarchives.org/OAI/2.0/OAI-PMH.xsd"><responseDate>2026-04-14T02:55:53Z</responseDate><request verb="GetRecord" identifier="oai:www.recercat.cat:2445/172419" metadataPrefix="marc">https://recercat.cat/oai/request</request><GetRecord><record><header><identifier>oai:recercat.cat:2445/172419</identifier><datestamp>2025-12-05T12:29:41Z</datestamp><setSpec>com_2072_1057</setSpec><setSpec>col_2072_478916</setSpec><setSpec>col_2072_478917</setSpec></header><metadata><record xmlns="http://www.loc.gov/MARC21/slim" xmlns:dcterms="http://purl.org/dc/terms/" xmlns:xsi="http://www.w3.org/2001/XMLSchema-instance" xmlns:doc="http://www.lyncode.com/xoai" xsi:schemaLocation="http://www.loc.gov/MARC21/slim http://www.loc.gov/standards/marcxml/schema/MARC21slim.xsd">
   <leader>00925njm 22002777a 4500</leader>
   <datafield ind2=" " ind1=" " tag="042">
      <subfield code="a">dc</subfield>
   </datafield>
   <datafield ind2=" " ind1=" " tag="720">
      <subfield code="a">Josa Laorden, Claudia</subfield>
      <subfield code="e">author</subfield>
   </datafield>
   <datafield ind2=" " ind1=" " tag="720">
      <subfield code="a">Sola Martínez, Anna</subfield>
      <subfield code="e">author</subfield>
   </datafield>
   <datafield ind2=" " ind1=" " tag="720">
      <subfield code="a">Giménez López, I.</subfield>
      <subfield code="e">author</subfield>
   </datafield>
   <datafield ind2=" " ind1=" " tag="720">
      <subfield code="a">Rubio Gracia, Jorge</subfield>
      <subfield code="e">author</subfield>
   </datafield>
   <datafield ind2=" " ind1=" " tag="720">
      <subfield code="a">Garcés Horna, Vanesa</subfield>
      <subfield code="e">author</subfield>
   </datafield>
   <datafield ind2=" " ind1=" " tag="720">
      <subfield code="a">Pérez Calvo, Juan Ignacio</subfield>
      <subfield code="e">author</subfield>
   </datafield>
   <datafield ind2=" " ind1=" " tag="260">
      <subfield code="c">2020-11-30T13:48:44Z</subfield>
   </datafield>
   <datafield ind2=" " ind1=" " tag="260">
      <subfield code="c">2020-11-30T13:48:44Z</subfield>
   </datafield>
   <datafield ind2=" " ind1=" " tag="260">
      <subfield code="c">2018-06-01</subfield>
   </datafield>
   <datafield ind2=" " ind1=" " tag="260">
      <subfield code="c">2020-11-11T17:46:55Z</subfield>
   </datafield>
   <datafield ind2=" " ind1=" " tag="520">
      <subfield code="a">Introducción:&#xd;
El empeoramiento de la función renal es un índice de mal pronóstico en pacientes con insuficiencia cardiaca aguda (ICA). El cociente urea/creatinina (U/C) podría tener significación pronóstica en la ICA.&#xd;
&#xd;
Material y métodos:&#xd;
Estudio observacional, prospectivo, cuyo objetivo fue analizar el valor pronóstico del cociente U/C, determinado en las primeras 24-48 h del ingreso, en pacientes hospitalizados por ICA, así como su relación con el filtrado glomerular estimado (FGe) y el daño renal agudo (DRA).&#xd;
&#xd;
Resultados:&#xd;
Se incluyeron un total de 204 pacientes, con edad media de 79,3 años. La mediana de FGe fue 55 ml/min/1,73m2. En el análisis multivariante, un cociente U/C > 50 se asoció con una mayor probabilidad de DRA durante el ingreso (36,5% vs. 21,9%) y mortalidad por cualquier causa (odds ratio [OR] 2,75) y por IC (OR 3,50) durante el seguimiento. La elevación del cociente U/C fue pronóstica solo en los pacientes con FGe normales (mortalidad 4,4% vs. 22%; p=0,01). La combinación del cociente U/C con el FGe tuvo mayor capacidad predictiva de DRA que cada uno de ellos por separado (área bajo la curva 0,718, intervalo de confianza al 95% 0,643-0,793; p&lt;0,001).&#xd;
&#xd;
Conclusiones:&#xd;
Un cociente U/C > 50 predice mortalidad a largo plazo en pacientes con FGe normal, y combinado con el FGe, mejora la identificación del riesgo de DRA, en pacientes ingresados por ICA. Dado lo simple de este biomarcador, sugerimos su uso sistemático en la clínica diaria.</subfield>
   </datafield>
   <datafield tag="653" ind2=" " ind1=" ">
      <subfield code="a">Malalties del ronyó</subfield>
   </datafield>
   <datafield tag="653" ind2=" " ind1=" ">
      <subfield code="a">Insuficiència cardíaca</subfield>
   </datafield>
   <datafield tag="653" ind2=" " ind1=" ">
      <subfield code="a">Kidney diseases</subfield>
   </datafield>
   <datafield tag="653" ind2=" " ind1=" ">
      <subfield code="a">Heart failure</subfield>
   </datafield>
   <datafield ind2="0" ind1="0" tag="245">
      <subfield code="a">Valor pronóstico de la ratio urea / creatinina en la insuficiencia cardiaca descompensada y su relación con el daño renal agudo</subfield>
   </datafield>
</record></metadata></record></GetRecord></OAI-PMH>